Statistics for Blocks in an Ocean Monument

Click here to take the quiz!

General Stats

  • This quiz has been taken 5 times
  • The average score is 5 of 6

Answer Stats

AmountBlock% Correct
6,699Prismarine
100%
128Sea Lanterns
100%
30Wet Sponges
100%
335Dark Prismarine
67%
6,272Prismarine Bricks
67%
8Gold Blocks
33%

Score Distribution

Percentile by Number Answered

Percent of People with Each Score

Your Score History

You have not taken this quiz